LEADER 01114nam a2200241 i 4500 001 000000213424 003 CaOOAMICUS 005 20120522000000.0 008 120522s1911 it u000 u fre u 013 $a192279 040 $aSeMil$bita 100 1 $aMeissner, Carl <1830-1900>.$0(OLS)http://semarc/name/76018 245 10$aPhraséologie latine /$cpar C. Meissner ; traduite de l'allemand et augmentée de l'indication de la source des passages cités et d'une liste de proverbs latins par Charles Pascal. 250 $a5. éd. 260 $aParis :$bKlincksieck,$c1911. 300 $aXXVII, 499 p. ;$c18 cm. 490 0 $aNouvelle collection a l'usage des classes ;$v8. 650 4$aLingua latina - Dizionari fraseologici.$0(OLS)http://semarc/subject/4899 830 0$aNouvelle collection a l'usage des classes ;$v8.$0(OLS)http://semarc/title/17380 850 $aSeMil 852 $aSeMil$W1$xVenegono$y1$m1Z III 205 FA$j163854$B163854$CSeMilBibl$Z2$F174918 $8I 996 $6245$aPhraséologie latine$9(OLS)http://semarc/title/307682 996 $6260$aParis :$bKlincksieck$9(OLS)http://semarc/publisher/30120 LEADER 01421nam a2200313 i 4500 001 000000124270 003 CaOOAMICUS 005 20040420000000.0 008 040420s2003 it u000 u ita u 013 $a96967 020 $a88-430-2545-7 040 $aSeMil$bita 245 10$aIdentità italiana e cattolicesimo :$buna prospettiva storica /$cA cura di Cesare Mozzarelli. 260 $aRoma :$bCarocci,$ccopyr. 2003. 300 $a494 p. ;$c22 cm. 490 0 $aStudi storici Carocci ;$v37 500 $aDono del Card. Dionigi Tettamanzi. 650 4$aChiesa cattolica - Italia - Storia - Sec. 16.-20.$0(OLS)http://semarc/subject/23905 650 4$aCattolicesimo - Italia - Storia - Sec. 16.-20.$0(OLS)http://semarc/subject/23906 650 4$aMovimento cattolico - Italia - Storia - Sec. 16.-20.$0(OLS)http://semarc/subject/23907 700 1 $aMozzarelli, Cesare,$d<1947-2004>.$0(OLS)http://semarc/name/1653 830 0$aStudi storici Carocci ;$v37.$0(OLS)http://semarc/title/15169 850 $aSeMil 852 $aSeMil$W1$xVenegono$y1$m3U II 370$j78874$B78874$CSeMilBibl$Z2$F82219 $81 941 1 $a5 961 $aOmaggio: Tettamanzi Card. Dionigi 996 $6020$a88-430-2545-7$9(OLS)http://semarc/number/110031 996 $6245$aIdentità italiana e cattolicesimo :$buna prospettiva storica$9(OLS)http://semarc/title/182873 996 $6260$aRoma :$bCarocci$9(OLS)http://semarc/publisher/31977